[Event "Provence-ch prom Vitrolles 0001"]
[Site "France"]
[Date "2000.??.??"]
[Round "2"]
[White "Cogno, Sebastien"]
[Black "Burkel, Kevin"]
[Result "1/2-1/2"]
[WhiteElo "1570"]
[BlackElo "1870"]
[PlyCount "90"]
[EventDate "2000.??.??"]
[EventType "tourn"]
[EventRounds "9"]
[EventCountry "FRA"]
[SourceTitle "EXT 2005"]
[Source "ChessBase"]
[SourceDate "2004.11.15"]
[SourceVersion "1"]
[SourceVersionDate "2004.11.15"]
[SourceQuality "1"]

1. Nf3 Nc6 2. b3 Nf6 3. Bb2 g6 4. e3 Bg7 5. d3 d6 6. Nbd2 0-0 7. Be2 e5 8. Rc1 Qe7 9. a3 Bg4 10. Nxe5 Nxe5 11. Bxe5 Bxe2 12. Bxf6 Bxf6 13. Qxe2 Bb2 14. Rb1 Bxa3 15. Qf3 c6 16. 0-0 Bb4 17. Ne4 d5 18. Ng3 Bd6 19. Qg4 f5 20. Qh3 Bxg3 21. Qxg3 Qg7 22. d4 f4 23. Qh3 fxe3 24. fxe3 Qe7 25. Qh6 Rxf1+ 26. Rxf1 Re8 27. Rf3 Qg7 28. Qf4 Rf8 29. Qxf8+ Qxf8 30. Rxf8+ Kxf8 31. Kf2 Ke7 32. Kf3 b5 33. b4 h6 34. Kf4 Kf6 35. h4 Ke6 36. g4 Kf6 37. g5+ hxg5+ 38. hxg5+ Ke6 39. Kg4 Kd7 40. Kf4 Kd6 41. Kf3 Kc7 42. Kf4 Kd6 43. Kf3 Ke7 44. Kg4 Ke6 45. Kf4 Kd6 1/2-1/2

[Event "Provence-ch prom Vitrolles 9900"]
[Site "France"]
[Date "2000.??.??"]
[Round "7"]
[White "Cogno, Sebastien"]
[Black "Wesoly, J."]
[Result "0-1"]
[WhiteElo "1490"]
[BlackElo "1530"]
[PlyCount "102"]
[EventDate "1999.??.??"]
[EventType "tourn"]
[EventRounds "9"]
[EventCountry "FRA"]
[SourceTitle "EXT 2005"]
[Source "ChessBase"]
[SourceDate "2004.11.15"]
[SourceVersion "1"]
[SourceVersionDate "2004.11.15"]
[SourceQuality "1"]

1. Nf3 Nc6 2. b3 e5 3. Bb2 e4 4. Nd4 Qf6 5. e3 Bc5 6. c3 Nge7 7. Qc2 d5 8. Nb5 Bd6 9. Nxd6+ Qxd6 10. d3 Bf5 11. Nd2 exd3 12. Bxd3 Bg6 13. Bxg6 Nxg6 14. Nf3 0-0-0 15. Ng5 Qe7 16. Qf5+ Kb8 17. Qxf7 Qxg5 18. Qxg7 Qxg2 19. 0-0-0 Qxf2 20. Rdf1 Qxe3+ 21. Kb1 Qe5 22. Qh6 Qe4+ 23. Ka1 Nge5 24. Re1 Qc2 25. Rc1 Qg6 26. Qe3 Rhe8 27. Rcd1 Nc4 28. Qf3 Nxb2 29. Kxb2 Qe4 30. Qh5 Qe2+ 31. Qxe2 Rxe2+ 32. Ka3 Rc2 33. Rd3 Ne5 34. Rh3 c6 35. Rxh7 Rxc3 36. Kb2 Re3 37. Rg1 Kc8 38. Rgg7 Rd7 39. Rg8+ Kc7 40. Rhh8 d4 41. Kc2 d3+ 42. Kd2 Re2+ 43. Kd1 Rxa2 44. Rc8+ Kb6 45. Rh4 Ra1+ 46. Kd2 Nf3+ 47. Kc3 Nxh4 48. Rh8 Nf3 49. Rh3 d2 50. Kb4 d1Q 51. Rxf3 Qd4# 0-1

[Event "Provence-ch prom Vitrolles 9900"]
[Site "France"]
[Date "1999.??.??"]
[Round "1"]
[White "Pla, Jean"]
[Black "Cogno, Sebastien"]
[Result "1-0"]
[WhiteElo "1600"]
[BlackElo "1490"]
[PlyCount "119"]
[EventDate "1999.??.??"]
[EventType "tourn"]
[EventRounds "9"]
[EventCountry "FRA"]
[SourceTitle "EXT 2005"]
[Source "ChessBase"]
[SourceDate "2004.11.15"]
[SourceVersion "1"]
[SourceVersionDate "2004.11.15"]
[SourceQuality "1"]

1. c4 Nf6 2. Nc3 b6 3. Nf3 Bb7 4. d4 e6 5. Bg5 Be7 6. e3 0-0 7. Be2 d6 8. 0-0 Nbd7 9. Nd2 c5 10. Bf3 d5 11. cxd5 Nxd5 12. Bxe7 Qxe7 13. Nxd5 Bxd5 14. Bxd5 exd5 15. Nf3 c4 16. Rc1 b5 17. b3 Rab8 18. Qd2 Qa3 19. Qc2 f6 20. Qb1 Nb6 21. Rc2 Rfc8 22. Rfc1 cxb3 23. Rxc8+ Rxc8 24. Rxc8+ Nxc8 25. axb3 Nd6 26. g3 Ne4 27. Kg2 a5 28. Qc2 h6 29. Qc8+ Kh7 30. Qf5+ Kg8 31. Qc8+ Kh7 32. Qf5+ Kg8 33. Qe6+ Kh7 34. Qxd5 Nd6 35. Nd2 a4 36. e4 Qb4 37. e5 axb3 38. Nxb3 fxe5 39. dxe5 Qe4+ 40. Qxe4+ Nxe4 41. f4 Kg8 42. Kf3 Nd2+ 43. Nxd2 Kf7 44. Ke4 g6 45. h4 Ke6 46. g4 Ke7 47. Kd5 b4 48. f5 g5 49. hxg5 hxg5 50. f6+ Ke8 51. e6 b3 52. Kd6 b2 53. f7+ Kf8 54. Kd7 Kg7 55. Ke7 Kg6 56. f8Q Kh7 57. Qf5+ Kg8 58. Qxg5+ Kh7 59. Kf7 b1Q 60. Qh5# 1-0

[Event "Provence-ch prom Vitrolles 9900"]
[Site "France"]
[Date "1999.??.??"]
[Round "4"]
[White "Vivian, J."]
[Black "Cogno, Sebastien"]
[Result "1-0"]
[WhiteElo "1640"]
[BlackElo "1490"]
[PlyCount "65"]
[EventDate "1999.??.??"]
[EventType "tourn"]
[EventRounds "9"]
[EventCountry "FRA"]
[SourceTitle "EXT 2005"]
[Source "ChessBase"]
[SourceDate "2004.11.15"]
[SourceVersion "1"]
[SourceVersionDate "2004.11.15"]
[SourceQuality "1"]

1. Nf3 b6 2. b3 Bb7 3. Bb2 Nf6 4. c4 e6 5. d3 Be7 6. Nbd2 0-0 7. e4 d6 8. Be2 Nbd7 9. Qc2 c5 10. 0-0-0 a6 11. Nf1 Ng4 12. Rg1 Nxf2 13. Re1 Ng4 14. h3 Ngf6 15. e5 dxe5 16. Nxe5 Nxe5 17. Bxe5 Nd7 18. Bf4 b5 19. Bf3 Rb8 20. Bxb8 Qxb8 21. Bxb7 Qxb7 22. Re2 bxc4 23. dxc4 Bf6 24. g4 Bd4 25. Rgg2 Rd8 26. g5 Ne5 27. Kb1 Qb4 28. Rg3 a5 29. Nd2 a4 30. Ne4 Nc6 31. Nf6+ gxf6 32. gxf6+ Kh8 33. Rg7 1-0